书目信息 |
| 题名: |
泵站供排水系统止回装置
|
|
| 作者: | 李志鹏 著 | |
| 分册: | ||
| 出版信息: | 长沙 湖南科学技术出版社 2021.03 |
|
| 页数: | 251页 | |
| 开本: | 24cm | |
| 丛书名: | ||
| 单 册: | ||
| 中图分类: | TV675 | |
| 科图分类: | ||
| 主题词: | 泵站--beng zhan--给排水系统--止回阀 | |
| 电子资源: | ||
| ISBN: | 978-7-5710-0907-6 | |
| 000 | 01165nam0 2200229 450 | |
| 001 | 011025153151 | |
| 005 | 20221025153151.0 | |
| 010 | @a978-7-5710-0907-6@dCNY58.00 | |
| 100 | @a20201004d2021 em y0chiy0120 ea | |
| 101 | 0 | @achi |
| 102 | @aCN@b430000 | |
| 105 | @aa z 000yy | |
| 106 | @ar | |
| 200 | 1 | @a泵站供排水系统止回装置@Abeng zhan gong pai shui xi tong zhi hui zhuang zhi@f李志鹏等著 |
| 210 | @a长沙@c湖南科学技术出版社@d2021.03 | |
| 215 | @a251页@c图@d24cm | |
| 304 | @a著者还有:王祺武、冯宪、洪顺军、翟兴学、张波 | |
| 330 | @a本书主要从大型止回装置、小型止回装置以及多功能水力控制装置出发,全方面介绍了目前泵站广泛应用的各类止回装置,并通过数值模拟结合工程实际的方式展示了泵站止回装置的重要性。共有主体章节6章以及相关应用案例,具体内容如下:1.概述。2.大型泵站止回装置。3.小型止回装置。4.多功能水力控制止回装置。5.止回装置水锤控制理论。6.多功能水力控制止回装置水锤控制。附录:附件1多功能水力控制阀应用案例。附件2多功能液控阀应用案例。附件3多功能渣浆泵控制阀应用案例。附件4节能型拍门应用案例。 | |
| 606 | 0 | @a泵站@Abeng zhan@x给排水系统@x止回阀 |
| 690 | @aTV675@v5 | |
| 701 | 0 | @a李志鹏@Ali zhi peng@4著 |
| 905 | @a河南城建学院图书馆@dTV675@eL334 | |
| 泵站供排水系统止回装置/李志鹏等著.-长沙:湖南科学技术出版社,2021.03 |
| 251页:图;24cm |
| ISBN 978-7-5710-0907-6:CNY58.00 |
| 本书主要从大型止回装置、小型止回装置以及多功能水力控制装置出发,全方面介绍了目前泵站广泛应用的各类止回装置,并通过数值模拟结合工程实际的方式展示了泵站止回装置的重要性。共有主体章节6章以及相关应用案例,具体内容如下:1.概述。2.大型泵站止回装置。3.小型止回装置。4.多功能水力控制止回装置。5.止回装置水锤控制理论。6.多功能水力控制止回装置水锤控制。附录:附件1多功能水力控制阀应用案例。附件2多功能液控阀应用案例。附件3多功能渣浆泵控制阀应用案例。附件4节能型拍门应用案例。 |
| ● |
| 相关链接 |
|
|
|
正题名:泵站供排水系统止回装置
索取号:TV675/L334
 
预约/预借
| 序号 | 登录号 | 条形码 | 馆藏地/架位号 | 状态 | 备注 |
| 1 | 1587120 | 215871206 | 自科库501/501自科库 48排4列1层/ [索取号:TV675/L334] | 在馆 | |
| 2 | 1587121 | 215871215 | 自科库501/501自科库 48排4列1层/ [索取号:TV675/L334] | 在馆 |